000 00677nam a2200289Ia 4500
005 20260324135922.0
008 008 260324s9999 xx 000 0 eng d
020 _a9780203193556
037 _aEBOOK
040 _aCRL
040 _beng
040 _cCRL
041 _2eng
041 _aeng
084 _qCRL
100 _aSally Byng; Carole Pound; Kate Swinburn
_91202421
245 4 _aThe Aphasia Therapy File
245 0 _bVolume 1
260 _bTaylor and Francis
260 _c1999
365 _a
365 _b200
856 _uhttp://www.taylorfrancis.com/books/9780203193556
942 _cEBOOK
999 _c1803970
_d1803970